00984nam a2200253 a 450000100100000000500170001000800410002702000150006804000250008308200170010810000290012524501630015426000380031730000230035553400500037865000210042865000290044970000300047870000390050870000360054704900090058395201210059299900170071300002327420240406073830.0101201s1991 mx r 000 0 spa d a9688882720 aDO-SdBNPbspacBNPHU a321.8bG619p1 aGoldman, Ralph M.94791610aPromoviendo la democracia :balternativas y resultados /cRalph M. Goldman , William A. Douglas ; traducción Ramón H. Ramírez ; prólogo Robert Wesson. aMéxico, D. F. :bPrisma,c1991. a325 p. : ;c21 cm. aPromoting democracy: opportunities and issues 0aDemocracia 9286 4aForma de gobierno9479171 aDouglas, William A.936161 aRamírez, Ramón H.,etr.9479181 aWesson, Robert,epról.947919 aBNGR 001054708MOaGRbGRcCTd2010-12-01iLF1l0o321.8 G619pp23274-10r2020-06-25w2020-06-25y4ZPréstamo en sala c22771d22771